Μεγαλύτερες Πόλεις της Κρήτης - Statistics

General Stats
  • This quiz has been taken 14 times
  • The average score is 7 of 15
Answer Stats
Πόλη Πληθυσμός % Correct
Ηράκλειο 177.064
100%
Χανιά 53.910
100%
Ρέθυμνο 32.468
100%
Άγιος Νικόλαος 12.638
100%
Ιεράπετρα 17.710
70%
Σητεία 9.912
50%
Χερσόνησος 2.468
30%
Γάζι Ηρακλείου 8.018
20%
Μοίρες 6.305
20%
Κίσσαμος 4.236
20%
Αρχάνες 3.969
20%
Μάλια 3.722
20%
Τυμπάκι 5.285
10%
Αρκαλοχώρι 4.313
10%
Νεάπολη 2.838
0%
No matching quizzes found
Score Distribution
Percent of People with Each Score
Percentile by Number Answered
Your Score History
You have not taken this quiz